000 01332nam a22002657a 4500
001 9937
003 FISKH
005 20260317163947.0
008 260317b cb ||||| |||| 00| 0 eng d
020 _a9780307479495
040 _aFISKH
_beng
_cFISKH
_dFISKH
082 _a372.4
100 _aSylvan Learning
245 _aFirst grade reading roundup :
_bFun games & activities to book skills /
_cby Sylvan Learning
250 _aFirst Edition
260 _aNew York :
_bSylvan Learning Publishing / Random House ,
_c2012 .
300 _a29 pages :
_bcolor illustrations ;
_c23 cm .
490 _aSylvan Fun on the Run
_v1st Grade
505 _aE
520 _aHave fun improving reading skills with Sylvan's proven techniques for success! First Grade Reading Roundup helps children improve their reading skills through engaging games and activities. Packed with colorful pictures and quick, fun exercises, this book will help students learn and practice while they: · Put words together to make bigger words--like "cup" and "cake" to make "cupcake"! · Unscramble pictures to show the correct sequence of a short story · Try to predict what the story in a book is about by looking at its cover ·
521 8 _a200
_bLexile estimate
521 8 _aE
_bRaz-Plus
942 _2ddc
_cBK
_n0
999 _c9937
_d9937